[Event "Nuremberg Zabo op 11th"]
[Site "Nuremberg"]
[Date "2009.09.18"]
[Round "1"]
[White "Winterfeldt, Steffen"]
[Black "Leibel, Georg"]
[Result "1-0"]
[WhiteElo "1751"]
[BlackElo "1059"]
[PlyCount "109"]
[EventDate "2009.09.18"]
[EventType "swiss"]
[EventRounds "5"]
[EventCountry "GER"]
[SourceTitle "EXT 2012"]
[Source "ChessBase"]
[SourceDate "2011.11.24"]
[SourceVersion "1"]
[SourceVersionDate "2011.11.24"]
[SourceQuality "1"]

1. b4 e5 2. b5 d5 3. Bb2 Bd6 4. e3 Nf6 5. c4 c6 6. cxd5 cxd5 7. Nf3 e4 8. Nd4 Bd7 9. Be2 0-0 10. 0-0 Re8 11. Nc3 a6 12. Qb3 Be6 13. Kh1 Nbd7 14. Nxe6 fxe6 15. d4 exd3 16. Bxd3 Nc5 17. Qc2 Nxd3 18. Qxd3 Be5 19. Rfc1 Ng4 20. Qe2 Qh4 21. h3 Nxf2+ 22. Kg1 Rf8 23. Rf1 Nxh3+ 24. gxh3 Qg3+ 25. Qg2 Qxe3+ 26. Kh1 Bxc3 27. Rfe1 Qd3 28. Rad1 Qc4 29. Bxc3 Qxc3 30. Rxe6 axb5 31. Re7 Rad8 32. Rxb7 b4 33. Rb1 Rf3 34. Rxg7+ Qxg7 35. Qxf3 Qd4 36. Rd1 Qe5 37. Qg4+ Kh8 38. Qxb4 h6 39. Qd4 Qxd4 40. Rxd4 Kh7 41. Kg2 h5 42. Kf3 Kg6 43. Rf4 d4 44. Ke2 Kg5 45. Rf3 Re8+ 46. Kd3 Re3+ 47. Rxe3 dxe3 48. a4 Kf4 49. Ke2 h4 50. a5 Kg3 51. a6 Kxh3 52. a7 Kg3 53. a8Q h3 54. Qh1 h2 55. Kxe3 1-0

[Event "Mittelfranken Mitte-ch 0809"]
[Site "Zirndorf"]
[Date "2009.01.10"]
[Round "4"]
[White "Leibel, Georg"]
[Black "Dreiseitel, Werner"]
[Result "0-1"]
[WhiteElo "1002"]
[BlackElo "1329"]
[PlyCount "82"]
[EventDate "2009.01.06"]
[EventType "swiss"]
[EventRounds "7"]
[EventCountry "GER"]
[SourceTitle "EXT 2015"]
[Source "ChessBase"]
[SourceDate "2014.11.20"]
[SourceVersion "1"]
[SourceVersionDate "2014.11.20"]
[SourceQuality "1"]

1. e4 c6 2. d4 d5 3. e5 Bf5 4. Bd3 Bg6 5. Bxg6 hxg6 6. Qd3 e6 7. Nf3 Be7 8. c4 dxc4 9. Qxc4 Nd7 10. Nc3 Nb6 11. Qd3 Nh6 12. Bf4 Nf5 13. 0-0 g5 14. Bg3 g4 15. Nd2 Qxd4 16. Qe2 Nxg3 17. hxg3 0-0-0 18. Rad1 Qd3 19. Nde4 Qxe2 20. Rxd8+ Rxd8 21. Nxe2 Rd5 22. f4 Nc4 23. N2c3 Rd7 24. b3 Ne3 25. Re1 Nf5 26. Kf2 Rd3 27. Rd1 Rxd1 28. Nxd1 Kd7 29. Ne3 f6 30. Nxg4 Ke8 31. Nexf6+ Bxf6 32. Nxf6+ Ke7 33. Ng8+ Kf8 34. Nf6 Ke7 35. Kf3 Nd4+ 36. Kf2 Nf5 37. g4 Nd4 38. Ke3 Nc2+ 39. Ke4 Ne1 40. g3 Nc2 41. f5 exf5+ 0-1